000 00517nam a2200205Ia 4500
003 GCL
008 140319s9999 xx 000 0 eng d
040 _aGCL /
_cGCL
082 0 4 _a823
_bS G
100 1 _aSWIFT, JONATHAN
245 1 0 _aGULLIVER'S TRAVELS /
_cSWIFT, JONATHAN
700 1 _aTURMER, PAUL
260 _a[S.N] :
_bOXFORD UNIVERSITY PRESS ،
_c1986
300 _a371 P
650 0 4 _aENGLISH LITERATURE
650 0 4 _aLITERATURE
650 0 4 _aENGLISH FICTION
650 0 4 _aFICTION
942 _2ddc
_cBK
999 _c15889
_d15889